000 01098aam a2200301 i 4500
001 295
003 CO-MdBIC
005 20211016090354.0
008 211016t2018 mx ||||| |||| 00| 0 eng d
020 _a968-6406-11-5
040 _bspa.
_aCO-MdFUSB
_cCO-MdFUSB
_dCO-MdFUSBC
_erda
041 _aspa
082 0 4 _aR 290 V155s
100 1 _aValentí Camp, Santiago
245 1 0 _aLas sectas y las sociedades secretas a través de la historia / Santiago Valentí Camp
_c/
260 _aMéxico : Del Valle
264 1 _aMéxico :
_bDel valle de México,
_c[2018]
264 4 _c© 2018
300 _a799 Pag.
_c;
336 _2rdacontent
_atexto
_btxt
337 _2rdamedia
_asin mediación
_bn
338 _2rdacarrier
_avolumen
_bnc
500 _aEstudio analítico y descriptivo de las principales sectas misteriosas y de las sociedades secretas más importantes, comprendiendo desde las creencias de las primitivas civilizaciones hasta las últimas modalidades del sindicalismo contemporáneo
653 _aSectas
653 _aSociedades secretas
942 _cBK
945 _aEstudiante
999 _c31831
_d31831